00341nam a2200121Ia 4500008004100000040001600041041001200057082001800069100003100087245004300118260004700161300001100208230917s9999||||xx |||||||||||||| ||und|| e87163aMAIN aEnglish a759.954 T543B aTiwari, Raghunandan Prasad 0aBhartiya-chitarkala aur uske mooltatve aVaranasibBharatiya Publishing Housec1983 a261 p.